| 000 | 00448nam a2200169Ia 4500 | ||
|---|---|---|---|
| 008 | 230524s9999 xx 000 0 und d | ||
| 082 |
_a621.389 _bRAO |
||
| 100 | _aS.Poornachandra Rao | ||
| 245 | 0 | _aHand Book of Experiments in Electronics & Communication Engineering | |
| 250 | _a1ST | ||
| 260 |
_aNEW DELHI _bVikas _c2003 |
||
| 300 | _a8.41 | ||
| 500 | _aQuantity Number: 4 | ||
| 650 | _aElectronics | ||
| 700 | _a B.Sasikala | ||
| 942 | _cBK | ||
| 999 |
_c14120 _d14120 |
||